Do thiếu hiểu biết /

Uloženo v:
Podrobná bibliografie
Hlavní autor: Huỳnh Đường.
Médium: Článek
Jazyk:Vietnamese
Témata:
Tagy: Přidat tag
Žádné tagy, Buďte první, kdo otaguje tento záznam!
Thư viện lưu trữ: Thư viện Trường Đại học Đà Lạt
LEADER 00715nam a2200265 4500
001 DLU100110308
005 ##20100803
040 # # |a DLU  |b vie 
041 # # |a vie 
044 # # |a vn 
100 # # |a Huỳnh Đường. 
245 # # |a Do thiếu hiểu biết /  |c Huỳnh Đường. 
653 # # |a Đô thị hóa 
653 # # |a Ma túy 
653 # # |a Tệ nạn xã hội 
773 # # |t AIDS và cộng đồng  |g Số6(113), 2008, tr. 13 
920 # # |a Phòng Tạp chí -- Trung tâm Thông tin - Thư viện Trường Đại học Đà Lạt 
994 # # |a DLU 
900 # # |a True 
911 # # |a Nguyễn Thị Linh Chi 
925 # # |a G 
926 # # |a A 
927 # # |a BB 
980 # # |a Thư viện Trường Đại học Đà Lạt